Arthashastra: (Record no. 69883)

MARC details
000 -LEADER
fixed length control field 00983nam a22002177a 4500
005 - DATE AND TIME OF LATEST TRANSACTION
control field 20120911143647.0
010 ## - LCCN (DPL NO)
LC control number B-483215
020 ## - INTERNATIONAL STANDARD BOOK NUMBER
International Standard Book Number 9780670085279
Terms of availability 399.00
035 ## - SYSTEM CONTROL NUMBER
System control number B-483215
037 ## - SOURCE OF ACQUISITION
Stock number dpl
Source of stock number/acquisition Virtuous Pub/Ven
082 ## - DEWEY DECIMAL CLASSIFICATION NUMBER
Classification number 330.954
100 ## - MAIN ENTRY--PERSONAL NAME
Personal name Trautmann, Thomas R.
245 ## - TITLE STATEMENT
Title Arthashastra:
Remainder of title the science of wealth/
Statement of responsibility, etc by Thomas R.Trautmann ; foreword by Gurcharan Das
260 ## - PUBLICATION, DISTRIBUTION, ETC. (IMPRINT)
Place of publication, distribution, etc New Delhi
Name of publisher, distributor, etc Penguin Books
Date of publication, distribution, etc 2012
270 ## - ADDRESS
Address 11 Community Centre,Panchsheel Park,
City New Delhi
Postal code 110017
300 ## - PHYSICAL DESCRIPTION
Extent xxiii 180p.
Dimensions 22cm (Hb)
490 ## - SERIES STATEMENT
Series statement The story of Indian business/edited by Gurucharan Das
-- 52416
942 ## - ADDED ENTRY ELEMENTS (KOHA)
Source of classification or shelving scheme Dewey Decimal Classification
Item type English Books
Call number suffix TRA
Classification part 330.954
Holdings
Withdrawn status Lost status Not for loan Collection code Home library Current library Date acquired Source of acquisition Cost, normal purchase price Full call number Barcode Copy number Cost, replacement price Koha item type
      Non-fiction Central Library Central Library 18/09/2012 Virtuous Pub/IN248/18.04.2012/SP/46/30.3.2012/19.06.2012 399.00 330.954 TRA B-483215 1 399.00 English Books

© Delhi Public Library
Hit Counter
free hit counter